Анекдотъ с государева двора или 150 исторических анекдотов из жизни русских государей XVII-XIX веков: Петра I, 1672-1725, Петра III, 1715-1730, Павла I, 1754-1801, Александра I, 1777-1825, Николая I, 1796-1855, Александра II, 1818-1881 и императриц Елисаветы, 1709-1761, Екатерины II, 1729-1796, Марии Федоровны, 1759-1828, Александры Федоровны, 1798-1860, Марии Александровны, 1824-1880 (Запись № 3223942)

Подробности
000 -МАРКЕР
контрольное поле 01936nam0a2200313 4500
001 - ИДЕНТИФИКАТОР ЗАПИСИ
контрольное поле RU\NLR\bibl\1925272
005 - ИДЕНТИФИКАТОР ВЕРСИИ
контрольное поле 20250616201828.0
010 ## - МЕЖДУНАРОДНЫЙ СТАНДАРТНЫЙ НОМЕР КНИГИ (ISBN)
Номер (ISBN) 5-7420-0483-4
035 ## - ДРУГИЕ СИСТЕМНЫЕ НОМЕРА
Идентификатор записи (NLR Aleph) 001914688
100 ## - ДАННЫЕ ОБЩЕЙ ОБРАБОТКИ
Данные общей обработки 20120716d1990 |||y0rusy50 ca
101 0# - ЯЗЫК РЕСУРСА
Язык текста, звукозаписи и т.д. русский
102 ## - СТРАНА ПУБЛИКАЦИИ ИЛИ ПРОИЗВОДСТВА
Страна публикации Российская Федерация
105 ## - ПОЛЕ КОДИРОВАННЫХ ДАННЫХ: ТЕКСТОВЫЕ МАТЕРИАЛЫ, МОНОГРАФИЧЕСКИЕ
Кодированные данные о монографическом текстовом документе y |||||||||
200 1# - ЗАГЛАВИЕ И СВЕДЕНИЯ ОБ ОТВЕТСТВЕННОСТИ
Основное заглавие Анекдотъ с государева двора или 150 исторических анекдотов из жизни русских государей XVII-XIX веков: Петра I, 1672-1725, Петра III, 1715-1730, Павла I, 1754-1801, Александра I, 1777-1825, Николая I, 1796-1855, Александра II, 1818-1881 и императриц Елисаветы, 1709-1761, Екатерины II, 1729-1796, Марии Федоровны, 1759-1828, Александры Федоровны, 1798-1860, Марии Александровны, 1824-1880
210 ## - ПУБЛИКАЦИЯ, РАСПРОСТРАНЕНИЕ И ДР.
Место издания, распространения и т.д. Нижний Новгород
Имя издателя, распространителя и т. д. РИО "Пегас"
Дата издания, распространения и т.д. 1990
215 ## - ФИЗИЧЕСКАЯ ХАРАКТЕРИСТИКА
Специфическое обозначение материала и объем 71, [2] с.
Размеры 21
300 ## - ОБЩИЕ ПРИМЕЧАНИЯ
Текст примечания Загл. обл.: Анекдотъ с государева двора
300 ## - ОБЩИЕ ПРИМЕЧАНИЯ
Текст примечания В макете город.: Горький - Нижний Новгород
300 ## - ОБЩИЕ ПРИМЕЧАНИЯ
Текст примечания Изд. на средства Л.Л. Хвалина
512 1# - ЗАГЛАВИЕ ОБЛОЖКИ
Заглавие обложки Анекдотъ с государева двора
517 0# - ДРУГИЕ ВАРИАНТЫ ЗАГЛАВИЯ
Вариант заглавия 150 исторических анекдотов из жизни русских государей XVII-XIX веков
607 ## - ГЕОГРАФИЧЕСКОЕ НАИМЕНОВАНИЕ КАК ПРЕДМЕТ
Географическое наименование Россия
Тематический подзаголовок История
-- Анекдоты
Системный номер авторитетной/нормативной записи 2364650
Идентификатор авторитетной/нормативной записи RU\NLR\auth\661411799
686 ## - ИНДЕКСЫ ДРУГИХ КЛАССИФИКАЦИЙ
Индекс Т3(2)0,02
801 #0 - ИСТОЧНИК ЗАПИСИ
Страна Российская Федерация
Организация NLR
Дата составления 20120716
Правила каталогизации RCR
801 #1 - ИСТОЧНИК ЗАПИСИ
Страна Российская Федерация
Организация NLR
Дата составления 20120716
942 ## - ДОПОЛНИТЕЛЬНЫЕ ЭЛЕМЕНТЫ ЗАПИСИ (АБИС)
Тип экземпляра АБИС Книга
980 ## - КОЛЛЕКЦИЯ
Название коллекции Национальная библиография
Экземпляры
Тип экземпляра Дата поступления Источник поступления Библиотека постоянного хранения Библиотека текущего хранения Место хранения Шифр хранения Штрих-код Статус экземпляра
Книга 16.07.2012 Дар РНБ (Московский) РНБ (Московский) Русский книжный фонд: издания с 1957 года 2012-4/6491 3692056